Linear algebra and geometry /

Guardado en:
Autor Principal: Kostrikin, A. I.
Otros Autores: Manin, IU. I.
Formato: Libro
Idioma:English
Russian
Publicado: New York : Gordon and Breach Science Publishers, c1989.
Series:Algebra, logic, and applications, v. 1
Materias:
Etiquetas: Agregar Etiqueta
Sin Etiquetas, Sea el primero en etiquetar este registro!
LEADER 01015pam a2200277 a 4500
001 MAT.inmabb004208
008 881011s1989####nyua#####b####001#0#eng##
005 20190815154847.0
245 1 0 |a Linear algebra and geometry /  |c by A. I. Kostrikin and Yu. I. Manin ; translated from the second Russian edition by M. E. Alferieff. 
260 |a New York :  |b Gordon and Breach Science Publishers,  |c c1989. 
300 |a ix, 309 p. :  |b il. ;  |c 24 cm. 
440 0 |a Algebra, logic, and applications,  |x 1041-5394 ;  |v v. 1 
500 |a Traducción de: Lineinaya algebra i geometriya. 
504 |a Bibliografía: p. ix. 
510 4 |a MR,  |c 91h:00008 
020 |a 2881246834 (Francia) 
100 1 |a Kostrikin, A. I.  |q (Aleksei Ivanovich) 
240 1 0 |a Lineinaia algebra i geometriia.  |l Inglés 
700 1 |a Manin, IU. I. 
650 0 |a Algebras, Linear. 
650 0 |a Geometry. 
084 |a 15-01 (51-01)  |2 msc2010 
010 |a  88039834  
040 |a DLC  |c DLC  |d DLC 
041 1 |a eng  |h rus 
859 |h 15  |i K86  |p A-6695  |b BIB. MATEMATICA